000 00969nam a22002417a 4500
999 _c65575
_d65575
005 20240530110832.0
008 190910s2005 ua ab f b 000 0 ara d
017 _a2004/3005
_bمصر. دار الكتب
040 _aEG-CaGPL
_cEG-CaGPL
082 0 4 _221
_a200,901232
_bق/ ف ا
100 1 _aفرانكو ، ايزابيل
245 1 0 _aاساطير والهة :
_bنفثات رع اله الشمس /
_cتأليف ايزابيل فرانكو ؛ ترجمة حليم طوسون ؛ مراجعة محمود ماهر طه
250 _aط. 1
260 _aالقاهرة :
_bالمجلس الاعلى للثقافة،
_c2005
300 _a255 ص. :
_bايض .؛
_c24 سم
650 0 7 _2qrmak
_aالاساطير
_zمصر
650 0 7 _aالادب السعبى
650 0 7 _aالالهة
_zمصر
700 1 _aحليم طوسون
_eمترجم
700 1 _aمحمود ماهر طة
_eمراجع
942 _2ddc
_cBK